Dependencia y autonomía, 1 /
Guardat en:
| Autor principal: | |
|---|---|
| Altres autors: | |
| Format: | Text |
| Publicat: |
San José:
CSUCA
|
| Etiquetes: |
Afegir etiqueta
Sense etiquetes, Sigues el primer a etiquetar aquest registre!
|
MARC
| LEADER | 00000 a a2200000 04500 | ||
|---|---|---|---|
| 001 | 21816 | ||
| 003 | |||
| 040 | |||
| 090 | |a 097900 | ||
| 100 | |a O'Donnell, Guillermo | ||
| 245 | |a Dependencia y autonomía, 1 / |c Guillermo O'Donnell | ||
| 260 | |a San José: |b CSUCA | ||
| 300 | |a 75 p. | ||
| 700 | |a Linck, Delfina | ||
| 999 | |c 12576 |d 12576 | ||
